| Tag |
First Indicator |
Second Indicator |
Subfields |
| LEADER |
00000cim a2200000Ia 4500 |
| 001 |
in00002377708 |
| 005 |
20151109043048.0 |
| 007 |
sd fungnn|||ed |
| 008 |
061025s2006 nyunnnn z n eng d |
| 019 |
|
|
|a 424554573
|
| 020 |
|
|
|a 0061238538 :
|c $35.00
|
| 020 |
|
|
|a 9780061238536
|
| 028 |
0 |
2 |
|a UACD 5539(7) :
|b HarperAudio
|
| 035 |
|
|
|a (OCoLC)74328709
|
| 035 |
|
|
|a (OCoLC)ocm74328709
|
| 040 |
|
|
|a ACN
|c ACN
|d BAKER
|d MEA
|d BTCTA
|d GZM
|d UtOrBLW
|
| 049 |
|
|
|a TXAM
|
| 082 |
0 |
4 |
|a 330
|2 22
|
| 090 |
|
|
|a HB74.P8
|b L479 2006b
|
| 100 |
1 |
|
|a Levitt, Steven D.
|
| 245 |
1 |
0 |
|a Freakonomics :
|b a rogue economist explores the hidden side of everything /
|c Steven D. Leviit and Stephen J. Dubner.
|
| 250 |
|
|
|a [Rev. and expanded ed.], Unbridged.
|
| 264 |
|
1 |
|a New York :
|b HarperAudio,
|c [2006]
|
| 264 |
|
4 |
|c ℗2006
|
| 300 |
|
|
|a 7 sound discs (8 hrs.) :
|b digital ;
|c 4 3/4 in.
|
| 336 |
|
|
|a spoken word
|b spw
|2 rdacontent
|
| 337 |
|
|
|a audio
|b s
|2 rdamedia
|
| 338 |
|
|
|a audio disc
|b sd
|2 rdacarrier
|
| 500 |
|
|
|a Compact discs.
|
| 511 |
0 |
|
|a Read by Steven J. Dubner.
|
| 520 |
|
|
|a "Which is more dangerous, a gun or a swimming pool? What do schoolteachers and sumo wrestlers have in common? Why do drug dealers still live with their moms? How much do parents really matter? How did the legalization of abortion affect the rate of violent crime? These may not sound like typical questions for an economist to ask. But Steven D. Levitt is not a typical economist. He is a much-heralded scholar who studies the riddles of everyday life--from cheating and crime to sports and child rearing--and his conclusions regularly turn the conventional wisdom on its head... Through forceful storytelling and wry insight, Levitt and Dubner show that economics is, at root, the study of incentives--how people get what they want, or need, especially when other people want or need the same thing. In Freakonomics, they explore the hidden side of, well--everything... If morality represents how we would like the world to work, then economics represents how it actually does work."
|
| 500 |
|
|
|a Sound recording.
|
| 650 |
|
0 |
|a Economics
|x Psychological aspects.
|
| 650 |
|
0 |
|a Economics
|x Sociological aspects.
|
| 655 |
|
7 |
|a Audiobooks.
|2 lcgft
|
| 700 |
1 |
|
|a Dubner, Stephen J.
|
| 710 |
2 |
|
|a Harper Audio (Firm)
|
| 938 |
|
|
|a Baker & Taylor
|b BKTY
|c 34.95
|d 26.21
|i 0061238538
|n 0006829463
|s active
|
| 938 |
|
|
|a Baker and Taylor
|b BTCP
|n bl2006025374
|
| 948 |
|
|
|a cataloged
|b h
|c 2008/4/25
|d c
|e ceaton
|f 8:08:04 am
|
| 994 |
|
|
|a C0
|b TXA
|
| 999 |
|
|
|a MARS
|
| 999 |
f |
f |
|s 4285aee9-0205-3766-a4ef-4cf2703c8c23
|i 9883b7b5-739d-3293-8817-0305f48c6448
|t 0
|
| 952 |
f |
f |
|p normal
|a Texas A&M University
|b College Station
|c Sterling C. Evans Library
|s Evans stk
|d Evans: Library Stacks
|t 0
|e HB74.P8 L479 2006b
|h Library of Congress classification
|i audio -- audio disc
|m A14837346816
|
| 998 |
f |
f |
|a HB74.P8 L479 2006b
|t 0
|l Evans: Library Stacks
|